01057 2200337 4500001002100000005001500021035002000036007000300056008004100059020002200100082001200122084001400134100003600148245011000184250003400294300004500328650001400373700003400387700003600421700003100457504002800488264002900516336002100545337003000566338002300596040002200619090002200641850001200663999002200675990002200697INLIS00000000087860920230522091622 a0010-0523000486ta230522b2022 xx a g ind d a978-623-316-949-304223a657 a657 ANI b0 aAni Wilujeng SuryaniePengarang10aBelajar akuntasi dasar /cAni Wilujeng Suryani, Ika Putri Larasati, Sawitri Dwi Prastiti, Sri Pujiningsih aCetakan pertama, Agustus 2022 avi, 87 halaman :bgambar, tabel ;c25 cm04aAkuntansi0 aIka Putri LarasatiePengarang0 aSawitri Dwi PrastitiePengarang0 aSri PujiningsihePengarang aBibliografi: halaman 8731aBantul :bK-Media,c2022 2rdacontentateks 2rdamediaatanpa perantara 2rdacarrieravolume aYOPDYOGbinderda aCB-D.11 2022-3525 aYOPDYOG aCB-D.11/2022-3525 aCB-D.11/2022-3525